000 00462ntaaa2200181 4500
003 01
005 20251027202336.0
008 0714s1973 ag 01
040 _aAR-BaBN
_bspa
_cAR-BaBN
_eaacr
_dRIC
082 _a296.0100 B41
100 _aBelford, Lee A
_922031
245 _aAn introduction to judaism
250 _a1 ed.
260 _aNew York :
_bAssociation Press,
_cc1961
300 _axi, 127 p
650 _aJudaísmo-introducción
_922032
942 _cBK
999 _c18253
_d18253